| 000 | 00676nam a2200181Ia 4500 | ||
|---|---|---|---|
| 008 | 090123s9999 xx 000 0 und d | ||
| 082 |
_b36924 _a921.423/लिमये |
||
| 100 | _aलिमये राजा | ||
| 245 | _aसाहसी वैमानिक डी लॅकमन पॅट | ||
| 250 | _a1 | ||
| 260 |
_bउत्कर्ष प्रकाशन _c2004 |
||
| 300 | _a112 | ||
| 600 | _aलिमये राजा | ||
| 630 | _aसाहसी वैमानिक डी लॅकमन पॅट | ||
| 700 | _aलिमये राजा | ||
| 730 | _aसाहसी वैमानिक डी लॅकमन पॅट | ||
| 942 | _cBOOK | ||
| 999 |
_c74990 _d74990 |
||